Motivácia a odmeňovanie

Systém odmeňovania z pohľadu jeho motivačného účinku na zamestnancov danej organizácie. Faktory ovplyvňujúce výšku odmeny. Výpočet priemerného platu v danej organizačnej úrovni. Analýza motivačného účinku systému odmeňovania. Motivačná matica odmeňovania.

Salvato in:
Dettagli Bibliografici
Autore principale: Boroš, Pavol
Natura: Capitolo di libro
Lingua:slovacco
Soggetti:
Tags: Aggiungi Tag
Nessun Tag, puoi essere il primo ad aggiungerne!!

MARC

LEADER 00000naa a2200000 4500
001 r036291
005 20231002100416.1
041 0 |a slo 
044 |a CZ 
245 1 0 |a Motivácia a odmeňovanie  |c Pavol Boroš 
520 |a Systém odmeňovania z pohľadu jeho motivačného účinku na zamestnancov danej organizácie. Faktory ovplyvňujúce výšku odmeny. Výpočet priemerného platu v danej organizačnej úrovni. Analýza motivačného účinku systému odmeňovania. Motivačná matica odmeňovania. 
610 2 0 |a odmeňovanie 
610 2 0 |a motivácia 
610 2 0 |a manažéri 
610 2 0 |a zamestnanci 
610 2 0 |a mzdy mesačné 
100 1 |a Boroš, Pavol